Chansons françaises par paroles commençant par P - Statistiques

Statistiques générales
  • Ce quiz a été pris 189 fois
  • Le résultat moyen est 11 sur 20
Statistiques - réponses
Hint Réponse % Correct
Quoi, qu’on y croie ou pas
Y aura bien un jour où on n’y croira plus
Un jour ou l’autre on sera tous papa
Et d’un jour à l’autre, on aura disparu
Serons-nous détestables
Serons-nous admirables
Papaoutai
95%
Je m'en irai dormir dans le ________
Où les nuits sont si longues qu'on en oublie le temps
Tout seul avec le vent
Comme dans mes rêves d'enfant
Le {paradis blanc}
79%
Je suis un être à la recherche Non pas de la vérité Mais simplement d'une aventure Qui sorte un peu de la banalité Partenaire particulier
79%
Un jour je serai le meilleur dresseur
Je me battrai sans répit
Je ferai tout pour être vainqueur
Et gagner les défis
Pokémon
79%
Il me tarde tant que le jour se lève
Pour voir si tu m'as apporté
Tous les beaux joujoux que je vois en rêve
Et que je t'ai commandés
Petit Papa Noël
76%
J'ai un peu peur de traverser l'miroir Si j'y allais pas j'me serais trompé d'un soir Devant une vitrine d'antiquités J'imagine les r'trouvailles de l'amitié T'as pas changé qu'est-ce qu'tu deviens Tu t'es mariée t'as trois gamins T'as réussi tu fais médecin Et toi Pascale tu t'marres toujours pour rien Place des Grands Hommes
68%
J'fais des trous, des p'tits trous Encore des p'tits trous Des p'tits trous, des p'tits trous Toujours des p'tits trous Des trous d'seconde classe Des trous d'première classe J'fais des trous, des p'tits trous Encore des p'tits trous Le {poinçonneur des lilas}
65%
Alors on vit chaque jour comme le dernier pa la pa pa Et vous feriez pareil si seulement vous saviez pa la pa pa Combien de fois la fin du monde nous a frôlés oh oh Alors on vit chaque jour comme le dernier Parce qu'on vient de loin
65%
_________ sans bagages
Oublier ton image
Sans se retourner ne pas regretter
Penser à demain recommencer
Partir un jour
64%
Bébé fait du sale, allô allô allô Million d'dollars, bébé tu vaux ça Bébé fait du sale, allô allô allô Million d'dollars, bébé tu vaux ça J'suis gang hors game Boy ne joue pas bang, bang, bang J'suis gang hors game Boy ne joue pas bang, bang, bang Pookie
58%
On s’était dit des choses Que l’on ne tiendra pas Le temps que l’eau se pose Sur nos ronces lilas Paris-Seychelles
50%
Caramels, bonbons et chocolats Par moments, je ne te comprends pas Merci, pas pour moi mais tu peux bien les offrir à une autre Qui aime le vent et le parfum des roses Moi les mots tendres enrobés de douceur Se posent sur ma bouche, mais jamais sur mon cœur Paroles paroles
50%
Joséphine blanche
Robe rouge et noir
Danse avec le reflet du miroir
Arrivé direct from Mexico
Don Diego de la Vega
Z comme Zorro
Paris latino
40%
J'pourrais jouer les beaux mots au milieu des femmes Le premier domino de ton cœur qui s'emballe J'pourrais t'regarder dans les yeux, te dire qu'avant c'était mieux Remettre la musique plus fort pour plus entendre nos remords Popcorn salé
31%
Mes disques sont un miroir Dans lequel chacun peut me voir Je suis partout à la fois Brisée en mille éclats de voix Poupée de cire, poupée de son
30%
Je voudrais passer l’océan Croiser le vol d’un goéland Penser à tout ce que j’ai vu Ou bien aller vers l’inconnu Parler à mon père
29%
Tu verras qu'on aura des foulards des chemises Et que voici les couleurs vives Et que même si l'amour est parti Ce n'est que partie remise Par les couleurs Les accords, les parfums Changer le vieux monde Pour faire un jardin Le {pouvoir des fleurs}
28%
________ plus fort que lui Je n'en connais pas Qui vous porte d'Abu Dhabi À bout de bras Prince Ali
27%
Eh mec ton regard oblique En rien n'est lubrique Ta maman t'a trop fessé Ton goût du revers N’a rien de pervers Et ton bébé n'est pas fâché Pourvu qu'elles soient douces
24%
Dieu qu’elle est loin
La nuit de liesse
Où j’ai trouvé ta main
Bien avant la tristesse
Tu me traquais
Tu m’avais vu
Tu m’as pris au collier
Et mon cou tu l’as tordu
Pas là
22%
Aucun quiz correspondant
Distribution des résultats
% des personnes avec chaque résultat
Percentile par nombre de réponses
Votre historique - résultats
Vous n’avez pas pris ce quiz